<?xml version="1.0" encoding="UTF-8"?><?xml-stylesheet type="text/xsl" href="static/style.xsl"?><OAI-PMH xmlns="http://www.openarchives.org/OAI/2.0/" xmlns:xsi="http://www.w3.org/2001/XMLSchema-instance" xsi:schemaLocation="http://www.openarchives.org/OAI/2.0/ http://www.openarchives.org/OAI/2.0/OAI-PMH.xsd"><responseDate>2026-04-18T02:52:14Z</responseDate><request verb="GetRecord" identifier="oai:www.recercat.cat:20.500.12327/1774" metadataPrefix="marc">https://recercat.cat/oai/request</request><GetRecord><record><header><identifier>oai:recercat.cat:20.500.12327/1774</identifier><datestamp>2025-10-22T11:16:29Z</datestamp><setSpec>com_2072_4428</setSpec><setSpec>com_2072_4427</setSpec><setSpec>col_2072_487898</setSpec></header><metadata><record xmlns="http://www.loc.gov/MARC21/slim" xmlns:dcterms="http://purl.org/dc/terms/" xmlns:xsi="http://www.w3.org/2001/XMLSchema-instance" xmlns:doc="http://www.lyncode.com/xoai" xsi:schemaLocation="http://www.loc.gov/MARC21/slim http://www.loc.gov/standards/marcxml/schema/MARC21slim.xsd">
   <leader>00925njm 22002777a 4500</leader>
   <datafield ind2=" " ind1=" " tag="042">
      <subfield code="a">dc</subfield>
   </datafield>
   <datafield ind2=" " ind1=" " tag="720">
      <subfield code="a">Prado, Patricia</subfield>
      <subfield code="e">author</subfield>
   </datafield>
   <datafield ind2=" " ind1=" " tag="720">
      <subfield code="a">Fernández, Margarita</subfield>
      <subfield code="e">author</subfield>
   </datafield>
   <datafield ind2=" " ind1=" " tag="720">
      <subfield code="a">Cordero, David</subfield>
      <subfield code="e">author</subfield>
   </datafield>
   <datafield ind2=" " ind1=" " tag="720">
      <subfield code="a">Saavedra, Carlos</subfield>
      <subfield code="e">author</subfield>
   </datafield>
   <datafield ind2=" " ind1=" " tag="720">
      <subfield code="a">Carella, Francesca</subfield>
      <subfield code="e">author</subfield>
   </datafield>
   <datafield ind2=" " ind1=" " tag="720">
      <subfield code="a">Alcaraz, Carles</subfield>
      <subfield code="e">author</subfield>
   </datafield>
   <datafield ind2=" " ind1=" " tag="720">
      <subfield code="a">Gairin, Ignasi</subfield>
      <subfield code="e">author</subfield>
   </datafield>
   <datafield ind2=" " ind1=" " tag="260">
      <subfield code="c">2022-05-20</subfield>
   </datafield>
   <datafield ind2=" " ind1=" " tag="520">
      <subfield code="a">Dwarf oysters in the Ebro Delta are only observed growing on local pen shells, Pinna nobilis L., currently under extinction risk. The species identification of these populations is uncertain, given recent genetic classifications of dwarf oysters of Ostrea stentina species complex. Hence, the first objective of this study was to confirm the identity of dwarf oysters associated to P. nobilis in the Ebro Delta. Then, we aimed to assess the viability of hatchery and nursery production of O. stentina for potential conservation programs using diets based on a mix of live microalgae species or the commercial Shellfish Diet 1800®. Our results showed that COI sequences obtained were specific to O. stentina. Significant differences in the growth and survival of larvae between diet treatments were observed in 3 days. For the live diet, the larval period lasted from 15 to 22 days (299.2 ± 4 µm) whereas it took up to 36 days using the Shellfish Diet 1800® (280 ± 7.2 µm), with an overall mortality of 72.3 vs. 99.3%, respectively for each diet. Besides, no seed survival was observed for the commercial diet after a 10-day-fixation attempt. In contrast, ca. 16% of the individuals on the live diet that were allowed to settle reached the juvenile stage and could be released to the environment. Histological examination of obtained seed did not present any sign of disease and showed gonadal development for both sexes at ca. 6 months of age (16.1–19.1 mm). The growth curve obtained was fitted to a Schnute-Richards growth model which returned ages of up to 10 years for maximum local sizes of 45 mm. We conclude that although the Shellfish Diet 1800® is not an adequate diet for O. stentina, its hatchery production is feasible and might provide support to future conservation actions.</subfield>
   </datafield>
   <datafield ind1="8" ind2=" " tag="024">
      <subfield code="a">Prado, Patricia, Margarita Fernández, David Cordero, Carlos Saavedra, Francesca Carella, Carles Alcaraz, and Ignasi Gairin. 2022. "Molecular Identification, Life Cycle Characterization, And Hatchery Seed Production Of Dwarf Oysters From The Ebro Delta (Spain)". Aquatic Living Resources 35 (5). doi:10.1051/alr/2022005.</subfield>
   </datafield>
   <datafield ind1="8" ind2=" " tag="024">
      <subfield code="a">0990-7440</subfield>
   </datafield>
   <datafield ind1="8" ind2=" " tag="024">
      <subfield code="a">http://hdl.handle.net/20.500.12327/1774</subfield>
   </datafield>
   <datafield ind1="8" ind2=" " tag="024">
      <subfield code="a">https://doi.org/10.1051/alr/2022005</subfield>
   </datafield>
   <datafield ind2="0" ind1="0" tag="245">
      <subfield code="a">Molecular identification, life cycle characterization, and hatchery seed production of dwarf oysters from the Ebro Delta (Spain)</subfield>
   </datafield>
</record></metadata></record></GetRecord></OAI-PMH>